[Event "FICGS W-ch st1 gN 02 email"]
[Site "FICGS email"]
[Date "2014.11.01"]
[Round "1"]
[White "Plant, Kevin D"]
[Black "Koslowski, Volker"]
[Result "1/2-1/2"]
[WhiteElo "2234"]
[BlackElo "2217"]
[PlyCount "65"]
[EventDate "2014.??.??"]
[EventType "tourn (corr)"]
[EventRounds "6"]
[SourceTitle "Corr 2022"]
[Source "ChessBase"]
[SourceDate "2021.10.24"]
[SourceVersion "1"]
[SourceVersionDate "2021.10.24"]
[SourceQuality "1"]

1. d4 d5 2. a3 Nf6 3. Nf3 e6 4. c4 dxc4 5. e3 b5 6. a4 b4 7. Bxc4 c5 8. 0-0 Bb7 9. dxc5 Nbd7 10. c6 Bxc6 11. Nbd2 Bb7 12. Qe2 Be7 13. b3 0-0 14. Bb2 Nc5 15. Rac1 Rc8 16. Rc2 Ne8 17. Bd4 Nd6 18. Bb5 Nxb5 19. axb5 Qd5 20. Ra2 Ra8 21. Qc4 Rfc8 22. Qxb4 f6 23. Bxc5 Rxc5 24. Qd4 e5 25. Qxd5+ Rxd5 26. Rfa1 Rxb5 27. Rxa7 Rc8 28. Nc4 Bc5 29. R7a4 Bxf3 30. gxf3 Rxb3 31. Nd2 Rb7 32. R1a2 Rb4 33. Ra8 1/2-1/2

[Event "FICGS class M 000066 email"]
[Site "FICGS email"]
[Date "2013.12.21"]
[Round "1"]
[White "Burden, Don"]
[Black "Plant, Kevin D"]
[Result "1/2-1/2"]
[WhiteElo "2236"]
[BlackElo "2280"]
[PlyCount "47"]
[EventDate "2013.??.??"]
[EventType "tourn (corr)"]
[EventRounds "6"]
[SourceTitle "Corr 2022"]
[Source "ChessBase"]
[SourceDate "2021.10.24"]
[SourceVersion "1"]
[SourceVersionDate "2021.10.24"]
[SourceQuality "1"]

1. e4 c5 2. Nf3 d6 3. d4 cxd4 4. Nxd4 Nf6 5. Nc3 a6 6. h3 e5 7. Nde2 h5 8. g3 Be6 9. Bg2 Nbd7 10. 0-0 Be7 11. a4 Rc8 12. Be3 Nc5 13. b3 0-0 14. a5 Bd7 15. b4 Ne6 16. Nd5 Nxd5 17. exd5 Ng5 18. f4 Nxh3+ 19. Kh2 Ng5 20. fxg5 Bxg5 21. Bb6 Qe7 22. Ra3 h4 23. Bh3 f5 24. Kg1 1/2-1/2

[Event "FICGS class M 000066 email"]
[Site "FICGS email"]
[Date "2013.12.21"]
[Round "1"]
[White "Nichols, Scott"]
[Black "Plant, Kevin D"]
[Result "1/2-1/2"]
[WhiteElo "2259"]
[BlackElo "2280"]
[PlyCount "37"]
[EventDate "2013.??.??"]
[EventType "tourn (corr)"]
[EventRounds "6"]
[SourceTitle "Corr 2022"]
[Source "ChessBase"]
[SourceDate "2021.10.24"]
[SourceVersion "1"]
[SourceVersionDate "2021.10.24"]
[SourceQuality "1"]

1. d4 Nf6 2. Nf3 e6 3. g3 b6 4. Bg2 Bb7 5. c4 Be7 6. Nc3 Ne4 7. Qd3 Nxc3 8. Qxc3 d6 9. 0-0 Nd7 10. b3 0-0 11. Bb2 h6 12. Rfd1 a5 13. Qc2 c6 14. e4 Qc7 15. Nd2 Rfd8 16. Nf1 c5 17. d5 Bf6 18. dxe6 fxe6 19. Bxf6 1/2-1/2

[Event "FICGS class M 000066 email"]
[Site "FICGS email"]
[Date "2013.12.21"]
[Round "1"]
[White "Plant, Kevin D"]
[Black "Antonov, Vladimir"]
[Result "1/2-1/2"]
[WhiteElo "2280"]
[BlackElo "2293"]
[PlyCount "60"]
[EventDate "2013.??.??"]
[EventType "tourn (corr)"]
[EventRounds "6"]
[SourceTitle "Corr 2022"]
[Source "ChessBase"]
[SourceDate "2021.10.24"]
[SourceVersion "1"]
[SourceVersionDate "2021.10.24"]
[SourceQuality "1"]

1. e4 e5 2. Nf3 Nc6 3. Bb5 Nf6 4. 0-0 Nxe4 5. d4 Nd6 6. Bxc6 dxc6 7. dxe5 Nf5 8. Qxd8+ Kxd8 9. Nc3 h6 10. Rd1+ Ke8 11. h3 Be7 12. g4 Nh4 13. Nxh4 Bxh4 14. f3 Ke7 15. Be3 b6 16. Bf2 Bxf2+ 17. Kxf2 Bb7 18. h4 c5 19. f4 h5 20. g5 Rad8 21. Ke3 g6 22. a4 Rhf8 23. a5 Bc6 24. axb6 Rxd1 25. Nxd1 axb6 26. Ra7 Kd7 27. c4 b5 28. cxb5 Bxb5 29. Nc3 Bc6 30. Ne4 Bxe4 1/2-1/2

[Event "FICGS class M 000066 email"]
[Site "FICGS email"]
[Date "2013.12.21"]
[Round "1"]
[White "Plant, Kevin D"]
[Black "Grammatica, Andrea"]
[Result "1/2-1/2"]
[WhiteElo "2280"]
[BlackElo "2229"]
[PlyCount "57"]
[EventDate "2013.??.??"]
[EventType "tourn (corr)"]
[EventRounds "6"]
[SourceTitle "Corr 2022"]
[Source "ChessBase"]
[SourceDate "2021.10.24"]
[SourceVersion "1"]
[SourceVersionDate "2021.10.24"]
[SourceQuality "1"]

1. e4 c5 2. Nf3 e6 3. d4 cxd4 4. Nxd4 Nc6 5. Nc3 Nf6 6. Ndb5 d6 7. Bf4 e5 8. Bg5 a6 9. Na3 b5 10. Bxf6 gxf6 11. Nd5 f5 12. c3 Bg7 13. exf5 Bxf5 14. Nc2 0-0 15. Nce3 Be6 16. Bd3 f5 17. 0-0 Kh8 18. Qh5 e4 19. Bc2 Ne7 20. Rad1 Bf7 21. Qh3 Nxd5 22. Nxd5 Qg5 23. Qe3 Qxe3 24. fxe3 Bxd5 25. Rxd5 Be5 26. g3 Rf6 27. Rd2 Kg7 28. Rdf2 Raf8 29. Bb3 1/2-1/2

[Event "FICGS class M 000066 email"]
[Site "FICGS email"]
[Date "2013.12.21"]
[Round "1"]
[White "Plant, Kevin D"]
[Black "Razumikhin, Andrey"]
[Result "1/2-1/2"]
[WhiteElo "2280"]
[BlackElo "2204"]
[PlyCount "126"]
[EventDate "2013.??.??"]
[EventType "tourn (corr)"]
[EventRounds "6"]
[SourceTitle "Corr 2022"]
[Source "ChessBase"]
[SourceDate "2021.10.24"]
[SourceVersion "1"]
[SourceVersionDate "2021.10.24"]
[SourceQuality "1"]

1. e4 c5 2. Nf3 Nc6 3. Bb5 d6 4. 0-0 Bd7 5. Re1 Nf6 6. c3 a6 7. Bf1 Bg4 8. d4 cxd4 9. cxd4 e5 10. d5 Nd4 11. Be3 Nxf3+ 12. gxf3 Bd7 13. Nd2 b5 14. a4 Be7 15. axb5 axb5 16. Qb3 0-0 17. Rec1 h6 18. Rxa8 Qxa8 19. Rc7 Qa1 20. Qa3 Qxa3 21. bxa3 Rb8 22. Ba7 Ra8 23. Rb7 Bd8 24. Bb8 Be7 25. Nb1 Kf8 26. Bxb5 Bxb5 27. Rxb5 Nd7 28. Bc7 Ke8 29. Ba5 Nc5 30. Kf1 Nd3 31. Ke2 Nf4+ 32. Kd1 Nh3 33. Bb4 f5 34. exf5 Nxf2+ 35. Kd2 Bg5+ 36. Ke2 Nh3 37. Bxd6 Nf4+ 38. Kd1 Rd8 39. Bxe5 Nxd5 40. Ke2 Nf4+ 41. Ke3 Nd3+ 42. f4 Nxe5 43. Rxe5+ Be7 44. a4 Kd7 45. Nc3 Ra8 46. Nd5 Bd8 47. Re4 Ra5 48. Rd4 Ke8 49. Ke4 Ra7 50. h3 Kf7 51. Rc4 Ba5 52. f6 gxf6 53. Kf5 Ra6 54. Rc8 h5 55. Rb8 Ra7 56. Rh8 Kg7 57. Re8 Kf7 58. Re6 Bd8 59. Rd6 Be7 60. Nxe7 Kxe7 61. Re6+ Kf7 62. Rxf6+ Kg7 63. Rg6+ Kf7 1/2-1/2

[Event "FICGS W-ch st1 gN 02 email"]
[Site "FICGS email"]
[Date "2013.07.02"]
[Round "1"]
[White "Bellegotti, Giorgio"]
[Black "Plant, Kevin D"]
[Result "1/2-1/2"]
[WhiteElo "2189"]
[BlackElo "2257"]
[PlyCount "80"]
[EventDate "2013.??.??"]
[EventType "tourn (corr)"]
[EventRounds "6"]
[SourceTitle "Corr 2022"]
[Source "ChessBase"]
[SourceDate "2021.10.24"]
[SourceVersion "1"]
[SourceVersionDate "2021.10.24"]
[SourceQuality "1"]

1. e4 e5 2. Nf3 Nc6 3. Bb5 a6 4. Ba4 Nf6 5. 0-0 b5 6. Bb3 Bb7 7. Re1 Bc5 8. c3 0-0 9. d4 Bb6 10. Be3 exd4 11. cxd4 Na5 12. d5 Nxb3 13. axb3 Bxe3 14. Rxe3 Re8 15. Qd4 c5 16. Qd3 Ng4 17. Re1 d6 18. Nbd2 Nf6 19. Nf1 Nh5 20. Qd2 a5 21. Ng3 Nxg3 22. hxg3 h6 23. g4 Bc8 24. g5 hxg5 25. Nxg5 f6 26. Nf3 Bd7 27. Nh4 Re5 28. Ng6 Rh5 29. Nf4 Rh4 30. g3 Rh6 31. Kg2 a4 32. Rh1 Rxh1 33. Rxh1 Qe8 34. Qd3 axb3 35. e5 fxe5 36. Ng6 Kf7 37. Rh8 Qxh8 38. Nxh8+ Rxh8 39. Qxb3 b4 40. Qf3+ Ke7 1/2-1/2

[Event "FICGS class M 000061 email"]
[Site "FICGS email"]
[Date "2013.03.05"]
[Round "1"]
[White "Plant, Kevin D"]
[Black "Markus, Roland"]
[Result "1/2-1/2"]
[WhiteElo "2259"]
[BlackElo "2233"]
[PlyCount "78"]
[EventDate "2013.??.??"]
[EventType "tourn (corr)"]
[EventRounds "6"]
[SourceTitle "Corr 2022"]
[Source "ChessBase"]
[SourceDate "2021.10.24"]
[SourceVersion "1"]
[SourceVersionDate "2021.10.24"]
[SourceQuality "1"]

1. e4 c6 2. d4 d5 3. e5 Bf5 4. Nf3 e6 5. Be2 c5 6. Be3 cxd4 7. Nxd4 Ne7 8. Nd2 Nbc6 9. N2f3 Be4 10. 0-0 Ng6 11. Nxc6 bxc6 12. Nd2 Bxg2 13. Kxg2 d4 14. Bf3 dxe3 15. Bxc6+ Ke7 16. Qg4 f5 17. exf6+ gxf6 18. Nf3 e2 19. Rfe1 Rc8 20. Bb5 Qd5 21. Bxe2 Ne5 22. Qb4+ Kf7 23. Qb3 Qc6 24. Rad1 Rg8+ 25. Kh3 Ng6 26. Rd4 Bc5 27. Bc4 Bxd4 28. Bxe6+ Kg7 29. Nxd4 Qc5 30. Bxc8 Qxd4 31. Kg2 Nf4+ 32. Kf3 Ng6 33. Bh3 Qf4+ 34. Kg2 Nh4+ 35. Kf1 Nf3 36. Qe3 Qc4+ 37. Qe2 Qd5 38. Qe6 Qd4 39. Qe3 Qc4+ 1/2-1/2

[Event "FICGS W-ch st2 g02 email"]
[Site "FICGS email"]
[Date "2012.01.12"]
[Round "1"]
[White "Plant, Kevin D"]
[Black "Kasznia, Ireneusz"]
[Result "1-0"]
[WhiteElo "2234"]
[BlackElo "2039"]
[PlyCount "117"]
[EventDate "2012.??.??"]
[EventType "tourn (corr)"]
[EventRounds "8"]
[SourceTitle "Corr 2022"]
[Source "ChessBase"]
[SourceDate "2021.10.24"]
[SourceVersion "1"]
[SourceVersionDate "2021.10.24"]
[SourceQuality "1"]

1. e4 e6 2. d4 d5 3. Nc3 dxe4 4. Nxe4 Nf6 5. Nxf6+ Qxf6 6. Bd3 Bd6 7. Nf3 h6 8. c3 Bd7 9. Qb3 Bc6 10. Bb5 Qf5 11. Bxc6+ Nxc6 12. Qxb7 Qe4+ 13. Kd1 0-0 14. Re1 Qd3+ 15. Bd2 Ne7 16. Qe4 Qa6 17. b3 c5 18. c4 cxd4 19. Nxd4 Rad8 20. Kc2 Bc5 21. Bc3 e5 22. Nf5 Nxf5 23. Qxf5 Bd4 24. a4 Qd6 25. Red1 Rb8 26. Rd3 Rfd8 27. Rb1 Re8 28. Bb2 Qb4 29. Bxd4 exd4 30. Qg4 Rbd8 31. Kb2 Qc5 32. Rbd1 f5 33. Qf3 Re4 34. R1d2 Qe5 35. Qd1 a5 36. g3 g5 37. f3 Re3 38. Ka2 Rxd3 39. Rxd3 Kf7 40. Qd2 Qc5 41. h4 Qb4 42. Qxb4 axb4 43. hxg5 hxg5 44. Kb1 Ke6 45. Kc2 Ke5 46. Rd1 Rh8 47. Kd3 Rh3 48. Rg1 Rh2 49. f4+ gxf4 50. gxf4+ Kd6 51. Rg5 Rh3+ 52. Kxd4 Rxb3 53. Rxf5 Rf3 54. Rd5+ Kc7 55. f5 b3 56. Ke5 Re3+ 57. Kf6 Re2 58. Rb5 b2 59. a5 1-0

[Event "FICGS W-ch st1 gN 03 email"]
[Site "FICGS email"]
[Date "2012.01.01"]
[Round "1"]
[White "Kokoryukin, Sergey"]
[Black "Plant, Kevin D"]
[Result "1/2-1/2"]
[WhiteElo "2174"]
[BlackElo "2234"]
[PlyCount "81"]
[EventDate "2012.??.??"]
[EventType "tourn (corr)"]
[EventRounds "6"]
[SourceTitle "Corr 2022"]
[Source "ChessBase"]
[SourceDate "2021.10.24"]
[SourceVersion "1"]
[SourceVersionDate "2021.10.24"]
[SourceQuality "1"]

1. d4 d5 2. c4 c6 3. Nd2 Nf6 4. Ngf3 Bf5 5. g3 e6 6. Bg2 h6 7. b3 Be7 8. 0-0 Nbd7 9. Ne5 0-0 10. Ndf3 Nxe5 11. Nxe5 Nd7 12. Nd3 Qb6 13. Be3 a5 14. Qe1 Bf6 15. Rc1 Qa6 16. Qc3 Rac8 17. cxd5 exd5 18. Rfd1 Rfe8 19. Bf3 a4 20. Qb4 Ra8 21. bxa4 Be7 22. Qb3 Nb6 23. Ne5 Bd8 24. Bh5 g6 25. Bf3 Kg7 26. g4 Bc8 27. Qb1 Qxa4 28. Rc2 Nd7 29. Nxd7 Bxd7 30. h3 Bf6 31. Kg2 Qa7 32. Qc1 Rh8 33. Rd3 h5 34. Bf4 Kg8 35. Rcc3 Qxa2 36. gxh5 Qa1 37. Bg4 Qxc1 38. Rxc1 Be8 39. hxg6 fxg6 40. Be6+ Bf7 41. Bxf7+ 1/2-1/2

[Event "FICGS W-ch st1 gN 03 email"]
[Site "FICGS email"]
[Date "2012.01.01"]
[Round "1"]
[White "Kopasov, Evgeny Aleksandrovi"]
[Black "Plant, Kevin D"]
[Result "1/2-1/2"]
[WhiteElo "2201"]
[BlackElo "2234"]
[PlyCount "89"]
[EventDate "2012.??.??"]
[EventType "tourn (corr)"]
[EventRounds "6"]
[SourceTitle "Corr 2022"]
[Source "ChessBase"]
[SourceDate "2021.10.24"]
[SourceVersion "1"]
[SourceVersionDate "2021.10.24"]
[SourceQuality "1"]

1. d4 Nf6 2. c4 e6 3. Nc3 Bb4 4. Qc2 d5 5. a3 Bxc3+ 6. Qxc3 Ne4 7. Qc2 c5 8. dxc5 Nc6 9. cxd5 exd5 10. Nf3 Bf5 11. b4 0-0 12. Bb2 a5 13. b5 Ne7 14. Qd1 Rc8 15. Rc1 Rxc5 16. Rxc5 Nxc5 17. e3 Qd6 18. Be2 Rc8 19. 0-0 Be4 20. Qd4 Nf5 21. Qc3 Qg6 22. Rc1 b6 23. g3 Re8 24. Nd2 h5 25. Nxe4 dxe4 26. Ba1 h4 27. Kf1 hxg3 28. hxg3 Re6 29. g4 Nh4 30. Qc2 Nf3 31. Bxf3 exf3 32. Qf5 Nb3 33. Rc8+ Kh7 34. Bd4 Qxf5 35. gxf5 Rd6 36. Rc3 a4 37. Kg1 Nxd4 38. exd4 Rxd4 39. Rxf3 Kh6 40. Rc3 Kg5 41. Rc6 Kxf5 42. Rxb6 Rd3 43. Ra6 Rxa3 44. b6 Rb3 45. Rxa4 1/2-1/2